00501nam a2200181Ia 4500003000400000005001700004008004100021020002200062040000700084041000800091082002400099100003600123245006500159260004500224300001600269365001400285650002000299OSt20230324133420.0210423s2017 xx 000 0 und d a978-0-19-947441-7 cAL aeng a300.7209 223bTHOS aTHORAT (Sukhadeo);VERMA (Samar) aSocial science research in India: status issues and policies aNew DelhibOxford University Pressc2017 axli,613bHB b1495cINR aSocial Research